000 00810nam a2200217Ii 4500
003 JO-AjNU
008 230605s9999||||xx |||||||||||||| ||und||
017 _a1986/6/239
040 _aJO-AjNU
_bara
_erda
_cJO-AjNU
041 _aara
050 1 4 _aLB1570.H3668 1986
100 3 _aحمدان،محمد زيدان,
_eauthor
_97629
245 0 0 _aتحضير الدروس اليومية تنفيذه وخططه المتنوعه في التعلم والتدريس
264 3 1 _aعمان:دار التربية الحديثة،1986
300 _a87ص
336 _atext
_btxt
_2rdacontent
337 _aunmediated
_bn
_2rdamedia
338 _avolume
_bnc
_2rdacarrier
490 0 _aسلسلة المكتبة التربوية السريعة26
650 4 _aالتحصيل العلمي-المدرسون-تدريب
_97630
999 _aA377
_c3945
_d3945